000 00547nam a2200205Ia 4500
003 OSt
005 20240906103707.0
008 220927b |||||||| |||| 00| 0 eng d
020 _a0860919382
037 _cTextual
040 _aSDCL
_cSDCL
_beng
041 _2eng
_aeng
082 _aYxM64 M8
100 _aWeber, Max
_9417862
245 0 _aAgrarian sociology of ancient civilizations.
260 _aLondon :
_bVerso,
_c1988.
300 _a421p.
942 _hYxM64 M8
_cTEXL
_2CC
999 _c733856
_d733856